00661pam a2200193 a 4500020001700000040000800017082002600025100002100051245004000072260006800112300003800180500002000218520013400238650002400372650001700396650002400413650001700437650001300454 a0671662627 : cDLC00a574 SIM 1988 A081 Or.1 aForsyth, Adrian.10aJourney through a tropical jungle / aNew York :bSimon and Schuster Books for Young Readers,cc1988. a80 p. :bcol. ill. ;c22 x 29 cm. aIncludes index. aPresents in text and photographs some of the plants, animals, and people that live in the the tropical rain forest of Costa Rica. 0aRain forest ecology 0aRain forests 1aRain forest ecology 1aRain forests 1aEcology.